Horrible Harry moves up to third grade / (Record no. 335830)
[ view plain ]
| 000 -LEADER | |
|---|---|
| fixed length control field | 00467nam a2200181Ia 4500 |
| 008 - FIXED-LENGTH DATA ELEMENTS--GENERAL INFORMATION | |
| fixed length control field | 170705s9999 xx 000 0 und d |
| 020 ## - INTERNATIONAL STANDARD BOOK NUMBER | |
| International Standard Book Number | 670878731 |
| 245 ## - TITLE STATEMENT | |
| Title | Horrible Harry moves up to third grade / |
| 245 ## - TITLE STATEMENT | |
| Statement of responsibility, etc | Suzy Kline ; pictures by Frank Remkiewicz. |
| 260 ## - PUBLICATION, DISTRIBUTION, ETC. (IMPRINT) | |
| Place of publication, distribution, etc | London : |
| 260 ## - PUBLICATION, DISTRIBUTION, ETC. (IMPRINT) | |
| Name of publisher, distributor, etc | Puffin Books, |
| 260 ## - PUBLICATION, DISTRIBUTION, ETC. (IMPRINT) | |
| Date of publication, distribution, etc | 1998 |
| 300 ## - PHYSICAL DESCRIPTION | |
| Extent | 58 pages : |
| 300 ## - PHYSICAL DESCRIPTION | |
| Other physical details | color illustration ; |
| 300 ## - PHYSICAL DESCRIPTION | |
| Dimensions | 20cm. |
| 440 ## - SERIES STATEMENT/ADDED ENTRY--TITLE | |
| Title | Horrible Harry. |
| 500 ## - GENERAL NOTE | |
| General note | 460 |
No items available.